Statistics for The 10 Largest Cities in Tanzania

Click here to take the quiz!

General Stats

  • This quiz has been taken 7 times
  • The average score is 3 of 10

Answer Stats

RankAnswer% Correct
1Dar es Salaam
100%
3Dodoma
80%
2Mwanza
60%
5Mbeya
20%
4Tanga
20%
8Kahama
0%
10Kigoma
0%
6Morogoro
0%
9Moshi Urban
0%
7Tabora
0%

Score Distribution

Percentile by Number Answered

Percent of People with Each Score

Your Score History

You have not taken this quiz